| 000 | 02659nam0a2200385 i 4500 | ||
|---|---|---|---|
| 001 | RU\NLR\BIBL_A\010942708 | ||
| 005 | 20260408122916.0 | ||
| 010 |
_a9785993102825 _9100 |
||
| 021 |
_aRU _b2015-94869 |
||
| 035 | _a(NILC)RuMoRGB-008091981 | ||
| 035 | _a(NLR Aleph) 010942708 | ||
| 090 |
_a10757265 _c10757265 |
||
| 100 | _a20151222d2014 km y0rusy50 ca | ||
| 101 | 0 |
_arus _aeng |
|
| 102 | _aRU | ||
| 105 | _ay|||z|||100yy | ||
| 200 | 1 |
_aСлавянские чтения - 9 _eсборник статей международной научно-практической конференции, 24 мая 2014, [г. Тара, проходившей в рамках фестиваля _fСлавянская радуга, фестиваль, г. Тара] |
|
| 210 |
_aТара _d2014 |
||
| 215 |
_a235 с. _cтабл. _d20 |
||
| 300 | _aВ макете подзаг.: сборник статей международной научно-практической конференции "Славянские чтения - 9" (24 мая 2014 года, г. Тара) | ||
| 300 | _aВ надзаг.: Республиканское гос. предприятие на праве хозяйственного видения "Павлодарский гос. пед. ин-т", Федер. гос. бюджет. образоват. учреждение высш. проф. образования "Сургут. гос. пед. ун-т", Федер. гос. бюджет. образоват. учреждение высш. проф. образования "Ом. гос. пед. ун-т", Фил. Федер. гос. бюджет. образоват. учреждение высш. проф. образования "Ом. гос. пед. ун-т" в г. Таре | ||
| 300 | _aЧасть текста на англ. яз. | ||
| 320 | _aБиблиогр. в конце ст. | ||
| 606 | 1 |
_aСлавянская филология _jСъезды, совещания и т.п _91163047 _3RU\NLR\AUTH\66147942 |
|
| 675 | _a811.61 | ||
| 686 | 1 | _aШ041я431 | |
| 710 | 1 | 2 |
_a"Славянские чтения-9", международная научно-практическая конференция _f2014 _eТара _3RU\NLR\AUTH\880417121 _9499350 |
| 711 | 1 | 2 |
_a"Славянская радуга", фестиваль _eТара _f2014 _9511910 _3RU\NLR\AUTH\880423588 |
| 801 | 0 |
_aRU _bРГБ _c20151210 _gRCR |
|
| 801 | 2 |
_aRU _bРГБ _c20151217 _grcr |
|
| 942 | _cBOOK | ||
| 980 | _aNBR | ||